Nepodceňujte základné znalosti o projektovom manažmente!

Aplikácia skúseností, zručností a techník potrebných pre naplánovanie projektových aktivít tak, aby sa dosiahli požiadavky projektu. Projektové riadenie v rôznych súvislostiach, bez strát času, peňazí a energie.

Salvato in:
Dettagli Bibliografici
Autore principale: Minárik, Peter
Natura: Capitolo di libro
Lingua:slovacco
Soggetti:
Tags: Aggiungi Tag
Nessun Tag, puoi essere il primo ad aggiungerne!!

MARC

LEADER 00000naa a2200000 4500
001 0175062
005 20230912102352.9
041 0 |a slo 
044 |a SK 
245 1 0 |a Nepodceňujte základné znalosti o projektovom manažmente!  |c Peter Minárik 
520 |a Aplikácia skúseností, zručností a techník potrebných pre naplánovanie projektových aktivít tak, aby sa dosiahli požiadavky projektu. Projektové riadenie v rôznych súvislostiach, bez strát času, peňazí a energie. 
610 2 0 |a manažment 
610 2 0 |a riadenie projektové 
610 2 0 |a metódy riadenia 
610 2 0 |a nástroje riadenia 
610 2 0 |a technika riadenia 
610 2 0 |a projekty 
100 1 |a Minárik, Peter